[Event "GBR-ch 103th"]
[Site "Bournemouth"]
[Date "2016.07.29"]
[Round "5.20"]
[White "Longson, Sarah N"]
[Black "Brown, Martin"]
[Result "0-1"]
[WhiteElo "2117"]
[BlackElo "2252"]
[PlyCount "78"]
[EventDate "2016.07.25"]
[EventType "swiss"]
[EventRounds "11"]
[EventCountry "GBR"]

1. e4 e6 2. d4 d5 3. Nc3 Nf6 4. e5 Nfd7 5. f4 c5 6. Nf3 Be7 7. Be3 b6 8. Ne2 a5
9. c3 g6 10. g3 Ba6 11. Bg2 Nf8 12. Nd2 Ra7 13. c4 cxd4 14. Nxd4 dxc4 15. O-O
Nfd7 16. Ne4 Nc5 17. Nc3 Rd7 18. Nce2 Qc8 19. Qc2 O-O 20. f5 exf5 21. Bh6 Re8
22. Nxf5 Nd3 23. e6 Bc5+ 24. Kh1 fxe6 25. Ne3 Bxe3 26. Bxe3 Bb7 27. Nd4 Bxg2+
28. Qxg2 Qb7 29. Nf3 Rf7 30. Kg1 b5 31. Qe2 Qd5 32. Ng5 Rf5 33. Qd2 Nc6 34. g4
Rff8 35. Rad1 Nce5 36. Qxa5 h6 37. Nh3 Nf3+ 38. Rxf3 Qxf3 39. Bxh6 Qxd1+ 0-1

[Event "GBR-ch 103th"]
[Site "Bournemouth"]
[Date "2016.07.29"]
[Round "5.21"]
[White "Brooks, Phil J"]
[Black "Starley, Robert"]
[Result "1/2-1/2"]
[WhiteElo "2190"]
[BlackElo "2001"]
[PlyCount "63"]
[EventDate "2016.07.25"]
[EventType "swiss"]
[EventRounds "11"]
[EventCountry "GBR"]

1. d4 Nf6 2. c4 e6 3. Nc3 Bb4 4. e3 O-O 5. Nge2 b6 6. a3 Bxc3+ 7. Nxc3 Bb7 8.
d5 d6 9. Be2 Nbd7 10. O-O Re8 11. b4 a5 12. Rb1 Qe7 13. Bb2 axb4 14. axb4 exd5
15. cxd5 Ne4 16. Bb5 Red8 17. Bc4 Nxc3 18. Bxc3 Qg5 19. Qd4 f6 20. f4 Qh5 21.
e4 Ba6 22. b5 Bb7 23. Rbe1 Re8 24. Rf3 Ra4 25. Rg3 Qh4 26. Qf2 Kh8 27. Qf1 Nc5
28. Rh3 Qg4 29. Rg3 Qh4 30. Rh3 Qg4 31. Rg3 Qh4 32. Rh3 1/2-1/2

[Event "GBR-ch 103th"]
[Site "Bournemouth"]
[Date "2016.07.29"]
[Round "5.22"]
[White "Willmoth, Robert F"]
[Black "Walker, Samuel A"]
[Result "1-0"]
[WhiteElo "2189"]
[BlackElo "2022"]
[PlyCount "67"]
[EventDate "2016.07.25"]
[EventType "swiss"]
[EventRounds "11"]
[EventCountry "GBR"]

1. d4 Nf6 2. Nf3 g6 3. g3 Bg7 4. Bg2 O-O 5. c4 c6 6. O-O d5 7. Nc3 dxc4 8. a4
Na6 9. h3 Nd7 10. e4 e5 11. d5 Ndc5 12. Be3 Nb3 13. Ra3 f5 14. Bg5 Qe8 15. d6
Nac5 16. Be7 Rf7 17. Qe2 Be6 18. exf5 Bxf5 19. Nxe5 Rxe7 20. dxe7 Qxe7 21.
Qxc4+ Be6 22. Qf4 Rf8 23. Qe3 Bf5 24. Re1 Rd8 25. g4 Re8 26. Nxc6 Qxe3 27. Rxe3
Rxe3 28. fxe3 Be6 29. Nd8 Bc4 30. Nxb7 Nxb7 31. Bxb7 Bf8 32. Ra2 Nc1 33. Ra1
Bc5 34. Bd5+ 1-0

[Event "GBR-ch 103th"]
[Site "Bournemouth"]
[Date "2016.07.29"]
[Round "5.23"]
[White "Hewson, Brian Wr"]
[Black "Wall, Tim P"]
[Result "0-1"]
[WhiteElo "2082"]
[BlackElo "2162"]
[PlyCount "74"]
[EventDate "2016.07.25"]
[EventType "swiss"]
[EventRounds "11"]
[EventCountry "GBR"]

1. d4 d6 2. e4 Nf6 3. Nc3 Nbd7 4. Nf3 e5 5. dxe5 dxe5 6. Bc4 Bc5 7. O-O O-O 8.
h3 c6 9. Qe2 b5 10. Bd3 Nh5 11. Be3 Qf6 12. Rfd1 Nf4 13. Bxf4 Qxf4 14. Qd2 Qf6
15. Qg5 Qxg5 16. Nxg5 Nb6 17. a4 b4 18. Ne2 f6 19. Nf3 Be6 20. b3 a5 21. Rd2
Kf7 22. Rad1 Ke7 23. Ng3 g6 24. Nf1 Rfd8 25. Be2 Rxd2 26. Rxd2 Nc8 27. Bd3 Nd6
28. Re2 Rc8 29. Ne3 Bxe3 30. Rxe3 c5 31. c4 bxc3 32. Bc2 c4 33. Rxc3 cxb3 34.
Rxc8 Nxc8 35. Bd1 Nb6 36. Nd2 b2 37. Kf1 Bc4+ 0-1

[Event "GBR-ch 103th"]
[Site "Bournemouth"]
[Date "2016.07.29"]
[Round "5.24"]
[White "Shepherd, Katherine M"]
[Black "Hackner, Oskar A"]
[Result "1/2-1/2"]
[WhiteElo "1932"]
[BlackElo "2156"]
[PlyCount "51"]
[EventDate "2016.07.25"]
[EventType "swiss"]
[EventRounds "11"]
[EventCountry "GBR"]

1. d4 Nf6 2. Nf3 c5 3. d5 e6 4. Nc3 Nxd5 5. Nxd5 exd5 6. Qxd5 Nc6 7. c3 d6 8.
e4 Be6 9. Qd1 Be7 10. Bd3 O-O 11. Qc2 Bg4 12. Nd2 Ne5 13. Nc4 Nxc4 14. Bxc4 Be6
15. Qd3 Bxc4 16. Qxc4 Qd7 17. Qd5 Qc6 18. Bf4 Qxd5 19. exd5 b5 20. O-O-O a5 21.
Rhe1 Rfe8 22. Re2 Bf8 23. Rde1 Rxe2 24. Rxe2 b4 25. Kc2 Rb8 26. Re4 1/2-1/2

[Event "GBR-ch 103th"]
[Site "Bournemouth"]
[Date "2016.07.29"]
[Round "5.25"]
[White "Storey, Charles H"]
[Black "Mitra, Roman C"]
[Result "1-0"]
[WhiteElo "2256"]
[BlackElo "2073"]
[PlyCount "75"]
[EventDate "2016.07.25"]
[EventType "swiss"]
[EventRounds "11"]
[EventCountry "GBR"]

1. d4 d5 2. Bf4 Nf6 3. Nf3 e6 4. e3 Be7 5. Ne5 c5 6. c3 Nc6 7. Nd2 Qb6 8. Rb1
O-O 9. Bd3 Re8 10. O-O g6 11. Qf3 Nd8 12. g4 Nd7 13. h4 f6 14. Nxd7 Bxd7 15. g5
f5 16. Qg3 Nf7 17. Nf3 Bd6 18. h5 Qc7 19. Bxd6 Qxd6 20. Qxd6 Nxd6 21. Ne5 Re7
22. hxg6 c4 23. gxh7+ Kxh7 24. Bc2 Kg7 25. f4 b5 26. Kf2 Rh8 27. Rh1 Rxh1 28.
Rxh1 Nf7 29. a4 Nxe5 30. dxe5 bxa4 31. Ra1 a6 32. Bxa4 Bc8 33. Ke2 Rb7 34. Rb1
Bd7 35. Bxd7 Rxd7 36. b4 Rb7 37. Ra1 Rb6 38. Kf3 1-0

[Event "GBR-ch 103th"]
[Site "Bournemouth"]
[Date "2016.07.29"]
[Round "5.26"]
[White "Nelson, Jonathan P"]
[Black "Moreby, James E"]
[Result "1/2-1/2"]
[WhiteElo "2207"]
[BlackElo "2040"]
[PlyCount "40"]
[EventDate "2016.07.25"]
[EventType "swiss"]
[EventRounds "11"]
[EventCountry "GBR"]

1. e4 e6 2. d4 d5 3. Nd2 c5 4. c3 cxd4 5. cxd4 dxe4 6. Nxe4 Nf6 7. Bd3 Bb4+ 8.
Nc3 O-O 9. Nf3 Nc6 10. O-O a6 11. Bg5 h6 12. Bh4 Be7 13. Rc1 b6 14. Bb1 Bb7 15.
a3 Rc8 16. Re1 Qc7 17. Qd3 g6 18. Rxe6 fxe6 19. Qxg6+ Kh8 20. Qxh6+ Kg8 1/2-1/2

[Event "GBR-ch 103th"]
[Site "Bournemouth"]
[Date "2016.07.29"]
[Round "5.27"]
[White "Hand, Freddie"]
[Black "Britton, Richard L"]
[Result "1/2-1/2"]
[WhiteElo "2062"]
[BlackElo "2188"]
[PlyCount "84"]
[EventDate "2016.07.25"]
[EventType "swiss"]
[EventRounds "11"]
[EventCountry "GBR"]

1. d4 d5 2. c4 e6 3. Nc3 Be7 4. cxd5 exd5 5. Bf4 Nf6 6. Qc2 c6 7. e3 a5 8. Bd3
Na6 9. a3 O-O 10. Nge2 Nc7 11. O-O Ne6 12. Bg3 g6 13. Rad1 Ng7 14. f3 Nfh5 15.
Bf2 f5 16. e4 Be6 17. e5 f4 18. Rb1 Bf5 19. b4 axb4 20. axb4 Bxd3 21. Qxd3 b5
22. Qd2 Ne6 23. Na2 Qd7 24. Nac1 g5 25. Nd3 Nhg7 26. Rfc1 h5 27. Qc2 Rac8 28.
Ra1 g4 29. Ne1 Bxb4 30. Nd3 Be7 31. fxg4 hxg4 32. Ra6 f3 33. Ng3 Bg5 34. Rca1
Bh4 35. Nc5 Nxc5 36. Qxc5 Bxg3 37. hxg3 fxg2 38. Ra7 Qf5 39. R1a2 Rc7 40. Rxc7
Qb1+ 41. Kxg2 Qxa2 42. Rxg7+ Kxg7 1/2-1/2

[Event "GBR-ch 103th"]
[Site "Bournemouth"]
[Date "2016.07.29"]
[Round "5.28"]
[White "Taylor, Adam A"]
[Black "Simons, Martin J"]
[Result "1/2-1/2"]
[WhiteElo "2168"]
[BlackElo "2015"]
[PlyCount "68"]
[EventDate "2016.07.25"]
[EventType "swiss"]
[EventRounds "11"]
[EventCountry "GBR"]

1. Nf3 Nc6 2. d4 d6 3. d5 Ne5 4. Nxe5 dxe5 5. c4 e6 6. Nc3 exd5 7. cxd5 Bd6 8.
e4 Bd7 9. Be3 Ne7 10. Bb5 O-O 11. O-O f5 12. Bxd7 Qxd7 13. f3 f4 14. Bf2 g5 15.
Qa4 Qxa4 16. Nxa4 b6 17. Nc3 a6 18. a4 Rfc8 19. Rfd1 Kf7 20. Rd3 Ng6 21. Nb1
Nf8 22. Nd2 Nd7 23. Nc4 Rab8 24. h4 h6 25. Rc3 Bc5 26. Bxc5 bxc5 27. Kf2 Kf6
28. Ke2 gxh4 29. b3 Rg8 30. Kf2 Rg3 31. Rh1 Rbg8 32. Rh2 h3 33. gxh3 Rg1 34.
Nd2 Rd1 1/2-1/2

[Event "GBR-ch 103th"]
[Site "Bournemouth"]
[Date "2016.07.29"]
[Round "5.29"]
[White "Graham, David B"]
[Black "Ralphs, Nigel"]
[Result "1/2-1/2"]
[WhiteElo "2152"]
[BlackElo "2000"]
[PlyCount "113"]
[EventDate "2016.07.25"]
[EventType "swiss"]
[EventRounds "11"]
[EventCountry "GBR"]

1. e4 e6 2. d3 c5 3. Nf3 Nc6 4. g3 g6 5. Bg2 Bg7 6. O-O Nge7 7. Nbd2 O-O 8. Re1
d6 9. a4 e5 10. Nc4 h6 11. c3 Be6 12. Ne3 Qd7 13. Nd2 f5 14. Nd5 f4 15. Nc4 g5
16. Rb1 Rf7 17. Nxe7+ Qxe7 18. g4 h5 19. h3 hxg4 20. hxg4 Bf6 21. f3 Rh7 22.
Kf2 Kg7 23. Bd2 Rah8 24. Rh1 Rxh1 25. Bxh1 Kg6 26. Bg2 d5 27. exd5 Bxd5 28. Qc2
Kg7 29. Re1 Qd7 30. b3 Rh2 31. Rg1 e4 32. dxe4 Bxc4 33. bxc4 Ne5 34. Rd1 Qd3
35. Qxd3 Nxd3+ 36. Kg1 Rh8 37. Rb1 b6 38. a5 Rb8 39. Bf1 Ne5 40. Kf2 Nc6 41.
axb6 Rxb6 42. Rb5 Be7 43. Be2 Ne5 44. Ke1 Rxb5 45. cxb5 c4 46. Kf1 Kf7 47. Be1
Bc5 48. Bf2 Bxf2 49. Kxf2 Ke6 50. Ke1 Kd6 51. Kd2 Kc5 52. Kc2 Kxb5 53. Kb2 a5
54. Ka3 Nd3 55. Bd1 Kc5 56. Be2 Kb5 57. Bd1 1/2-1/2

[Event "GBR-ch 103th"]
[Site "Bournemouth"]
[Date "2016.07.29"]
[Round "5.30"]
[White "Zhang, Anthony Y"]
[Black "Golding, James"]
[Result "1-0"]
[WhiteElo "2149"]
[BlackElo "1991"]
[PlyCount "135"]
[EventDate "2016.07.25"]
[EventType "swiss"]
[EventRounds "11"]
[EventCountry "GBR"]

1. d4 d5 2. Nf3 e6 3. c4 c5 4. cxd5 exd5 5. g3 Nc6 6. Bg2 Nf6 7. O-O Be7 8.
dxc5 Bxc5 9. a3 O-O 10. b4 Bb6 11. Nc3 Re8 12. Bb2 Bg4 13. Na4 Qe7 14. Nxb6
axb6 15. Re1 Rad8 16. Qd3 Ne4 17. Rad1 h6 18. Qb5 Nd6 19. Qxd5 Be6 20. Qd3 Nc4
21. Qc3 Nxb2 22. Qxb2 Rxd1 23. Rxd1 Bg4 24. Rd2 Ne5 25. Nxe5 Qxe5 26. Qxe5 Rxe5
27. e3 Re7 28. Rd6 Rc7 29. h3 Be6 30. Rxb6 Rc1+ 31. Kh2 Ra1 32. Rxb7 Rxa3 33.
g4 Kf8 34. Bc6 Rc3 35. b5 g5 36. Kg3 Kg7 37. Rb8 Rb3 38. b6 Bc4 39. b7 Ba6 40.
Kf3 Rb4 41. Bd5 Kh7 42. Rf8 Rxb7 43. Bxb7 Bxb7+ 44. e4 Kg7 45. Rb8 Ba6 46. Rb6
Bd3 47. e5 Bf1 48. Kg3 Bc4 49. Rf6 Bd5 50. h4 Be6 51. f4 gxf4+ 52. Kxf4 Bb3 53.
h5 Bc4 54. g5 hxg5+ 55. Kxg5 Bb3 56. h6+ Kh7 57. Rf4 Be6 58. Kf6 Bb3 59. Rg4
Be6 60. Rg7+ Kxh6 61. Rxf7 Bb3 62. e6 Ba4 63. e7 Be8 64. Rf8 Bg6 65. Rh8+ Bh7
66. Rxh7+ Kxh7 67. e8=Q Kh6 68. Qh8# 1-0

[Event "GBR-ch 103th"]
[Site "Bournemouth"]
[Date "2016.07.29"]
[Round "5.31"]
[White "Shaw, Peter"]
[Black "Dalton, Joseph"]
[Result "1/2-1/2"]
[WhiteElo "2143"]
[BlackElo "1928"]
[PlyCount "109"]
[EventDate "2016.07.25"]
[EventType "swiss"]
[EventRounds "11"]
[EventCountry "GBR"]

1. d4 g6 2. c4 Bg7 3. e4 d6 4. Nc3 e5 5. d5 f5 6. g3 Nf6 7. Bg2 O-O 8. Nge2
fxe4 9. Nxe4 Nxe4 10. Bxe4 Bh3 11. Ng1 Bf5 12. Bxf5 Rxf5 13. Ne2 Nd7 14. O-O
Qe7 15. Be3 Raf8 16. Qc2 Nf6 17. Nc3 Ng4 18. Qe2 h5 19. Ne4 b6 20. Kg2 Bh6 21.
h3 Nxe3+ 22. fxe3 Qf7 23. g4 hxg4 24. hxg4 Rxf1 25. Rxf1 Qxf1+ 26. Qxf1 Rxf1
27. Kxf1 Bxe3 28. Ke2 Bc1 29. b4 Kf7 30. b5 Ke7 31. Kf3 Bf4 32. Nf2 Kf6 33.
Ne4+ Ke7 34. Kf2 Kf7 35. Kg2 Ke7 36. Kf1 Kf7 37. Kg1 Ke7 38. Nc3 Kf6 39. Ne4+
Ke7 40. Kg2 Kf7 41. a3 Bc1 42. a4 Bf4 43. Kf1 Ke7 44. Ke2 Bc1 45. Kd1 Be3 46.
Kc2 Kf7 47. Kb3 Ke7 48. Kb4 Bc5+ 49. Kc3 Be3 50. Kd3 Bc1 51. Kc2 Be3 52. Kb3
Kf7 53. Kb4 Bc5+ 54. Kb3 Be3 55. Kb4 1/2-1/2

[Event "GBR-ch 103th"]
[Site "Bournemouth"]
[Date "2016.07.29"]
[Round "5.32"]
[White "Bridge, Neil A"]
[Black "Klingher, Dominic"]
[Result "1-0"]
[WhiteElo "2044"]
[BlackElo "2117"]
[PlyCount "57"]
[EventDate "2016.07.25"]
[EventType "swiss"]
[EventRounds "11"]
[EventCountry "GBR"]

1. d4 Nf6 2. c4 c5 3. d5 b5 4. Qc2 d6 5. e4 g6 6. Nf3 Bg7 7. h3 O-O 8. Bd3 b4
9. Be3 a5 10. Nbd2 a4 11. Rd1 Nbd7 12. O-O Qb6 13. Qc1 h6 14. Rfe1 Nh5 15. g4
Nhf6 16. Nf1 h5 17. g5 Ne8 18. Kg2 e6 19. Nh4 exd5 20. exd5 a3 21. b3 Ne5 22.
Bb1 Qc7 23. Ng3 Qd7 24. Rh1 Qd8 25. f4 Nd7 26. Qc2 Bd4 27. Nxg6 f6 28. Bxd4
cxd4 29. Rde1 1-0

[Event "GBR-ch 103th"]
[Site "Bournemouth"]
[Date "2016.07.29"]
[Round "5.33"]
[White "Fallowfield, Jeremy R"]
[Black "Varney, Zoe"]
[Result "1/2-1/2"]
[WhiteElo "2109"]
[BlackElo "1818"]
[PlyCount "42"]
[EventDate "2016.07.25"]
[EventType "swiss"]
[EventRounds "11"]
[EventCountry "GBR"]

1. d4 d5 2. c4 dxc4 3. Nf3 Nf6 4. Nc3 e6 5. e4 c5 6. d5 exd5 7. exd5 a6 8. a4
Bd6 9. Bxc4 O-O 10. O-O Bg4 11. Bg5 Re8 12. h3 Bh5 13. Qd3 Nbd7 14. Rfe1 Bxf3
15. Qxf3 Ne5 16. Qe2 Nxc4 17. Qxc4 Rxe1+ 18. Rxe1 h6 19. Bd2 Qb6 20. b3 Rd8 21.
Bc1 Qc7 1/2-1/2

[Event "GBR-ch 103th"]
[Site "Bournemouth"]
[Date "2016.07.29"]
[Round "5.34"]
[White "Clark, Ian C"]
[Black "Talbot, Nathan L"]
[Result "1/2-1/2"]
[WhiteElo "1963"]
[BlackElo "2108"]
[PlyCount "203"]
[EventDate "2016.07.25"]
[EventType "swiss"]
[EventRounds "11"]
[EventCountry "GBR"]

1. e4 e6 2. d4 d5 3. Nc3 Bb4 4. Nge2 Nf6 5. e5 Nfd7 6. Bd2 O-O 7. Ng3 f6 8. f4
c5 9. Nb5 Bxd2+ 10. Qxd2 a6 11. Nc3 cxd4 12. Nce2 fxe5 13. fxe5 Nxe5 14. Nxd4
Nbc6 15. Nxc6 bxc6 16. Be2 Ng6 17. O-O-O e5 18. Ne4 Bf5 19. Nc5 Qb6 20. Qc3 Nf4
21. Bf1 a5 22. h3 Qb4 23. g3 Qxc3 24. bxc3 Ng6 25. Bg2 Rad8 26. c4 dxc4 27.
Bxc6 Ne7 28. Bg2 c3 29. g4 Bxc2 30. Kxc2 Rf2+ 31. Kxc3 Rxd1 32. Rxd1 Rxg2 33.
a4 Kf7 34. Kc4 Rb2 35. Rf1+ Ke8 36. Nd3 Rh2 37. Nxe5 Rxh3 38. Rb1 Kd8 39. Rb5
Rh4 40. Rxa5 Ng6 41. Ra8+ Kc7 42. Nxg6 Rxg4+ 43. Kd5 Rxg6 44. Ke5 Kb7 45. Rh8
h6 46. Kf5 Rg5+ 47. Kf4 Kb6 48. Rb8+ Ka5 49. Ra8+ Kb4 50. Ra7 Rg1 51. Kf3 h5
52. Kf2 Rg6 53. Ra8 Rg5 54. Ra7 g6 55. Ra6 h4 56. Kf1 Rf5+ 57. Kg2 g5 58. Kh3
Ra5 59. Rb6+ Kxa4 60. Kg4 Rb5 61. Rc6 Kb4 62. Rc1 Rc5 63. Rd1 Kc4 64. Rc1+ Kd5
65. Re1 Kd6 66. Re2 Re5 67. Ra2 Kd5 68. Ra3 Ke4 69. Rb3 Rd5 70. Rb2 Ke3 71. Ra2
Kd3 72. Rb2 Kc3 73. Rf2 Rd2 74. Rf8 Rg2+ 75. Kh3 Rg3+ 76. Kh2 Kd4 77. Re8 g4
78. Re7 Re3 79. Rh7 Re2+ 80. Kh1 h3 81. Rg7 Rg2 82. Rd7+ Kc3 83. Rd3+ Kc2 84.
Rc3+ Kd1 85. Rc1+ Ke2 86. Rc2+ Kf1 87. Rc1+ Kf2 88. Rc2+ Kg3 89. Rc3+ Kf4 90.
Rf3+ Kg5 91. Rf5+ Kh4 92. Rh5+ Kg3 93. Rxh3+ Kf2 94. Rf3+ Ke2 95. Re3+ Kxe3 96.
Kxg2 Kf4 97. Kf2 g3+ 98. Kg2 Kg4 99. Kg1 Kf3 100. Kf1 g2+ 101. Kg1 Ke2 102.
Kxg2 1/2-1/2

[Event "GBR-ch 103th"]
[Site "Bournemouth"]
[Date "2016.07.29"]
[Round "5.35"]
[White "Zhu, Richard"]
[Black "De Coverly, Roger D"]
[Result "1-0"]
[WhiteElo "1905"]
[BlackElo "2082"]
[PlyCount "73"]
[EventDate "2016.07.25"]
[EventType "swiss"]
[EventRounds "11"]
[EventCountry "GBR"]

1. d4 Nf6 2. Bg5 e6 3. e3 h6 4. Bh4 c5 5. c3 b6 6. Nf3 Bb7 7. Nbd2 Be7 8. Bd3
O-O 9. Bxf6 Bxf6 10. Qe2 d6 11. g4 g6 12. h4 Bg7 13. O-O-O Qc7 14. Kb1 a6 15.
Rh3 Nd7 16. Nh2 e5 17. h5 g5 18. f4 f6 19. Bc2 Rae8 20. dxe5 dxe5 21. Qd3 e4
22. Nxe4 Bxe4 23. Qxd7 Qxd7 24. Rxd7 gxf4 25. exf4 Bc6 26. Bb3+ Kh8 27. Rd1 b5
28. Nf1 Re4 29. Rf3 Rfe8 30. Rf2 b4 31. Ng3 Re1 32. Rfd2 Bf3 33. Rxe1 Rxe1+ 34.
Kc2 Bxg4 35. Rd8+ Kh7 36. Bg8+ Kh8 37. Be6+ 1-0

[Event "GBR-ch 103th"]
[Site "Bournemouth"]
[Date "2016.07.29"]
[Round "5.36"]
[White "Smith, Andrew P"]
[Black "Grigoryan, Meri"]
[Result "1-0"]
[WhiteElo "2145"]
[BlackElo "1996"]
[PlyCount "109"]
[EventDate "2016.07.25"]
[EventType "swiss"]
[EventRounds "11"]
[EventCountry "GBR"]

1. c4 Nf6 2. Nf3 g6 3. b3 Bg7 4. Bb2 b6 5. e3 Bb7 6. d4 d6 7. Nc3 Nbd7 8. Be2
O-O 9. O-O Ne4 10. Qc2 Nxc3 11. Bxc3 e5 12. dxe5 Nxe5 13. Nxe5 Bxe5 14. Bxe5
dxe5 15. Rfd1 Qg5 16. g3 Rfd8 17. c5 Qf6 18. cxb6 cxb6 19. Qc7 Bd5 20. Rac1 h5
21. h4 Qf5 22. Bc4 Qf3 23. Rxd5 Rxd5 24. Bxd5 Qxd5 25. Qe7 a5 26. Qf6 b5 27.
Qb6 a4 28. Qc5 Rd8 29. Qxd5 Rxd5 30. bxa4 bxa4 31. Rc8+ Kg7 32. Ra8 f6 33. Rxa4
Rd1+ 34. Kg2 Rd2 35. Ra7+ Kh6 36. a4 Ra2 37. a5 g5 38. a6 gxh4 39. gxh4 Kg6 40.
Kf3 Ra3 41. Ra8 Kg7 42. a7 Ra2 43. Ke4 Ra4+ 44. Kf5 Ra6 45. e4 Ra2 46. Ke6 Ra1
47. Rd8 Ra6+ 48. Rd6 Rxa7 49. Rd7+ Rxd7 50. Kxd7 Kf8 51. Ke6 Kg7 52. Ke7 Kg6
53. Kf8 f5 54. Ke7 fxe4 55. Ke6 1-0

[Event "GBR-ch 103th"]
[Site "Bournemouth"]
[Date "2016.07.29"]
[Round "5.37"]
[White "Crocker, Philip J"]
[Black "Golding, Alex"]
[Result "1-0"]
[WhiteElo "2122"]
[BlackElo "1961"]
[PlyCount "73"]
[EventDate "2016.07.25"]
[EventType "swiss"]
[EventRounds "11"]
[EventCountry "GBR"]

1. c4 Nf6 2. g3 g6 3. Bg2 Bg7 4. Nc3 d6 5. e4 c5 6. Nge2 O-O 7. O-O Nc6 8. d3
Ne8 9. Be3 Nc7 10. d4 cxd4 11. Nxd4 Bd7 12. Nde2 Rb8 13. a4 Na6 14. Rb1 Qa5 15.
Nd5 e6 16. b4 Qd8 17. b5 exd5 18. cxd5 Nc5 19. dxc6 bxc6 20. Qxd6 Nxa4 21. bxc6
Bg4 22. Qxb8 Qxb8 23. Rxb8 Rxb8 24. f3 Be6 25. Nd4 Nc3 26. Nxe6 fxe6 27. f4 Rc8
28. e5 a5 29. Bb6 a4 30. c7 Bf8 31. Bb7 Bc5+ 32. Kg2 Bxb6 33. Bxc8 Bxc7 34.
Bxe6+ Kf8 35. Rc1 Ba5 36. Rc2 a3 37. Kf3 1-0

[Event "GBR-ch 103th"]
[Site "Bournemouth"]
[Date "2016.07.29"]
[Round "5.38"]
[White "Elwin, Adrian G"]
[Black "Bicknell, Carl"]
[Result "0-1"]
[WhiteElo "1992"]
[BlackElo "2121"]
[PlyCount "68"]
[EventDate "2016.07.25"]
[EventType "swiss"]
[EventRounds "11"]
[EventCountry "GBR"]

1. d4 Nf6 2. Nf3 c5 3. d5 b5 4. Bg5 d6 5. e4 a6 6. Nbd2 Nbd7 7. c4 g6 8. Qc2
Bg7 9. Be2 O-O 10. O-O Ng4 11. Rab1 bxc4 12. Nxc4 Nde5 13. b4 Nxc4 14. Bxc4
cxb4 15. Rxb4 a5 16. Rbb1 h6 17. Bh4 Qc7 18. Qe2 Ne5 19. Nxe5 Bxe5 20. Bg3 Bxg3
21. hxg3 Bd7 22. Bb5 Rfc8 23. Bxd7 Qxd7 24. Rfc1 Rc7 25. Rc2 Rxc2 26. Qxc2 Rc8
27. Qb3 Qg4 28. Qd3 Kg7 29. Kh2 Qh5+ 30. Kg1 Qe5 31. Rd1 Qb2 32. a3 f6 33. Rb1
Qa2 34. Qb3 Rc1+ 0-1

[Event "GBR-ch 103th"]
[Site "Bournemouth"]
[Date "2016.07.29"]
[Round "5.39"]
[White "Modi, Shyam Jagdish"]
[Black "Birkett, Richard"]
[Result "0-1"]
[WhiteElo "1655"]
[BlackElo "2053"]
[PlyCount "74"]
[EventDate "2016.07.25"]
[EventType "swiss"]
[EventRounds "11"]
[EventCountry "GBR"]

1. e4 e5 2. Nf3 Nc6 3. Bb5 a6 4. Ba4 d6 5. c3 Nge7 6. d4 Bd7 7. Be3 Ng6 8. h4
h5 9. Ng5 f6 10. d5 fxg5 11. dxc6 Bxc6 12. Bxc6+ bxc6 13. Bxg5 Be7 14. Bxe7
Qxe7 15. g3 Rb8 16. b3 Qf7 17. c4 Nf8 18. Nc3 Ne6 19. f3 Qg6 20. Kf2 O-O 21.
Kg2 Rf7 22. Rf1 Rbf8 23. Ne2 Rf6 24. Rc1 Qf7 25. Rc3 g5 26. hxg5 Nxg5 27. Qd3
Qg6 28. f4 Nxe4 29. f5 Qg4 30. Rc2 Rxf5 31. Rxf5 Rxf5 32. Nc3 Ng5 33. Rf2 e4
34. Qe3 Qh3+ 35. Kg1 Nf3+ 36. Rxf3 Rxf3 37. Qg5+ Kf7 0-1

[Event "GBR-ch 103th"]
[Site "Bournemouth"]
[Date "2016.07.29"]
[Round "5.40"]
[White "Dilleigh, Stephen P"]
[Black "Jina, Taran"]
[Result "1-0"]
[WhiteElo "2053"]
[BlackElo "1764"]
[PlyCount "71"]
[EventDate "2016.07.25"]
[EventType "swiss"]
[EventRounds "11"]
[EventCountry "GBR"]

1. Nf3 e6 2. c4 f5 3. g3 Nf6 4. Bg2 Be7 5. O-O O-O 6. b3 d6 7. d4 Ne4 8. Bb2
Nd7 9. Nbd2 Ndf6 10. Qc2 Qe8 11. Nxe4 Nxe4 12. Nd2 Nxd2 13. Qxd2 Bf6 14. e4
fxe4 15. Bxe4 e5 16. Rfe1 Qh5 17. dxe5 Bxe5 18. Bxe5 dxe5 19. Qe2 Qxe2 20. Rxe2
c6 21. Bg2 Bg4 22. Rxe5 Rad8 23. h3 Bc8 24. Rae1 Rd2 25. R5e2 Rd7 26. f4 Rd6
27. Kh2 h5 28. Be4 Rd4 29. Bg6 Bd7 30. Bxh5 c5 31. Bf3 b6 32. Bd5+ Kh8 33. Re5
g6 34. Re7 Rd8 35. Rf7 Rd2+ 36. Kg1 1-0

[Event "GBR-ch 103th"]
[Site "Bournemouth"]
[Date "2016.07.29"]
[Round "5.41"]
[White "Brewer, Callum D"]
[Black "Pleasants, Allan J"]
[Result "1/2-1/2"]
[WhiteElo "1988"]
[BlackElo "2038"]
[PlyCount "67"]
[EventDate "2016.07.25"]
[EventType "swiss"]
[EventRounds "11"]
[EventCountry "GBR"]

1. e4 c5 2. Nc3 Nc6 3. Bb5 Nd4 4. Nf3 Nxb5 5. Nxb5 a6 6. Nc3 d6 7. d4 cxd4 8.
Nxd4 e6 9. a4 Nf6 10. O-O Be7 11. h3 Bd7 12. Be3 Rc8 13. f4 Qc7 14. f5 e5 15.
Nb3 Qc4 16. Nd2 Qb4 17. Ra3 Qxb2 18. Ndb1 Qxa3 19. Nxa3 Rxc3 20. Bc1 O-O 21.
Bb2 Rc7 22. Re1 Bxa4 23. g4 Rfc8 24. g5 Ne8 25. Qg4 Bxc2 26. f6 Bxf6 27. Nxc2
Rxc2 28. gxf6 Nxf6 29. Qf5 Re8 30. Ba3 Re6 31. Rd1 Ne8 32. Kh1 Rc6 33. Bb2 Rc2
34. Ba3 1/2-1/2

[Event "GBR-ch 103th"]
[Site "Bournemouth"]
[Date "2016.07.29"]
[Round "5.42"]
[White "Grieve, Harry"]
[Black "Keely, Leo A"]
[Result "1-0"]
[WhiteElo "1994"]
[BlackElo "1938"]
[PlyCount "123"]
[EventDate "2016.07.25"]
[EventType "swiss"]
[EventRounds "11"]
[EventCountry "GBR"]

1. d4 Nf6 2. Bg5 d5 3. Bxf6 exf6 4. e3 Be6 5. Nd2 f5 6. g3 Bd6 7. Bg2 c6 8. Ne2
O-O 9. O-O Nd7 10. b3 Nf6 11. c4 Ne4 12. c5 Be7 13. f3 Nf6 14. Qc2 g6 15. Rae1
Re8 16. Nf4 Bf8 17. Nd3 Bg7 18. Kh1 Qc7 19. Nf2 Re7 20. Qd3 Rae8 21. b4 Bd7 22.
a4 a6 23. Re2 Qb8 24. Nb3 Bh6 25. Rfe1 Nh5 26. Na5 Qc7 27. e4 fxe4 28. fxe4
dxe4 29. Bxe4 Nf6 30. Nc4 Ng4 31. Qf3 Nxf2+ 32. Qxf2 Be6 33. Nd6 Rf8 34. Bf3
Bg7 35. b5 Rd7 36. bxc6 bxc6 37. Rb2 Rxd6 38. cxd6 Qxd6 39. Rd1 Bd5 40. Bxd5
Qxd5+ 41. Qg2 Qc4 42. Rc2 Qxa4 43. Qxc6 Qb3 44. Kg2 Qe6 45. Rcd2 Rd8 46. Qf3
Qe7 47. d5 Be5 48. Qe2 Qd6 49. Rc2 h5 50. Rc6 Qb8 51. Qxa6 Qb2+ 52. Kh1 Qf2 53.
Qd3 Bd6 54. Rf1 Qa7 55. Qc3 Qe7 56. Qd4 Be5 57. Qe4 f6 58. Qxg6+ Kf8 59. Rcxf6+
Bxf6 60. Rxf6+ Qxf6 61. Qxf6+ Ke8 62. d6 1-0

[Event "GBR-ch 103th"]
[Site "Bournemouth"]
[Date "2016.07.29"]
[Round "5.43"]
[White "Davis, Lee"]
[Black "Wager, John D"]
[Result "0-1"]
[WhiteElo "1946"]
[BlackElo "2053"]
[PlyCount "48"]
[EventDate "2016.07.25"]
[EventType "swiss"]
[EventRounds "11"]
[EventCountry "GBR"]

1. d4 d5 2. g3 Nf6 3. Bg2 g6 4. Nf3 Bg7 5. O-O O-O 6. c4 c6 7. cxd5 cxd5 8. Ne5
Nbd7 9. Nc3 e6 10. Bf4 Nh5 11. Rc1 Nxe5 12. dxe5 Nxf4 13. gxf4 Qb6 14. Na4 Qb4
15. e3 Bd7 16. b3 Rfc8 17. Qe1 Bh8 18. Rxc8+ Rxc8 19. Qb1 Bb5 20. Rd1 Bxa4 21.
bxa4 Qxa4 22. Bf1 Rc2 23. Bd3 Rxa2 24. Qxb7 Qxd1+ 0-1